01517nam a22002777a 4500999001500000001000600015003000900021005001700030008004100047020001800088040003800106082002500144100002200169245014400191250001300335260004100348300002100389650004600410650003200456942001200488952014900500952014900649952016100798952013100959952014901090 c8543d854322621BD-DhUAP20250304145912.0250304b20182024bg |||| |||| 00| 0 eng d a9789849500247 aBD-DhDIUbengcBD-DhUAPdBD-DhUAP 223a344.54920102 HAL aHalim, Md. Abdul aTextbook on Bangladesh labour code :ban interpretative and critical study of the labour and industrial laws of BangladeshcMd. Abdul Halim a15th ed. aDhaka :bBeacon Publications,c2024. a336 p. ;c23 cm. aLabor laws and legislation -- Bangladesh. aLabor laws and legislation. 2ddccBK 00102ddc4070aUAPCLbUAPCLcGeneral Stacksd2025-03-04l1m2o344.54920102 HALp3010022621r2025-08-24s2025-07-14t1v600.00w2025-03-04yBK 00102ddc4070aUAPCLbUAPCLcGeneral Stacksd2025-03-04l1m1o344.54920102 HALp3010022622r2025-09-04s2025-08-12t2v600.00w2025-03-04yBK 00102ddc4070aUAPCLbUAPCLcGeneral Stacksd2025-03-04l2m4o344.54920102 HALp3010022623q2026-06-09r2026-04-28s2026-04-28t3v600.00w2025-03-04yBK 00102ddc4070aUAPCLbUAPCLcGeneral Stacksd2025-03-04o344.54920102 HALp3010022624r2025-03-04t4v600.00w2025-03-04yBK 00102ddc4070aUAPCLbUAPCLcGeneral Stacksd2025-03-04l4m5o344.54920102 HALp3010022625r2025-10-07s2025-09-11t5v600.00w2025-03-04yBK